| 000 | 00743nam a22002177a 4500 | ||
|---|---|---|---|
| 003 | OSt | ||
| 005 | 20260122034516.0 | ||
| 008 | 260122b |||||||| |||| 00| 0 eng d | ||
| 020 | _a978-0-06-212099-1 | ||
| 040 |
_aDWC-Main lib _cOC |
||
| 082 | _aCirc. 658.409 C712g 2011 | ||
| 100 | _aCollins, Jim | ||
| 245 |
_aGreat by choice : _buncertainty, chaos and luck- why some thrive despite the all/ _cJim Collins |
||
| 260 |
_aN.Y : _bHarper Collins Publishers , _c c2011. |
||
| 300 |
_aix , 304 pages : _b illustratins ; _c 24 cm. |
||
| 504 | _aIncludes index | ||
| 650 | _a1. Creative ability in business | ||
| 650 | _a2. Success in business | ||
| 650 | _a3. technological innovations- - management | ||
| 942 |
_2ddc _cBK-CIRC _kCirc. _n0 |
||
| 999 |
_c7680 _d7680 |
||